000 00633nam a2200205Ia 4500
001 12763
003 GE_BSU
008 181216s||||||||xx |||||||||||||| ||und||
040 _cGE_BSU
080 _a632.95
245 _aОрганические инсектофунгициды и гербициды.Сборник работ
245 _bВып.158
245 _cПод.ред.С.И.Бабушкина
260 _aМосква
260 _bГосхимиздат
260 _c1958
300 _a360стр.20см.
653 _aОрганические инсектофунгициды и гербициды
942 _cBK
999 _c45934
_d45934